| 000 | 00461nam a22001457a 4500 | ||
|---|---|---|---|
| 999 |
_c4642 _d4642 |
||
| 008 | 161122b xxu||||| |||| 00| 0 eng d | ||
| 020 | _a978-0-8213-7842-7 | ||
| 082 | _a332 WOR | ||
| 245 |
_aGlobal Development Finance 2009: _bCharting a Global Recovery/ _cThe World Bank.- _hEnglish. |
||
| 260 |
_aWashington D.C.: _bThe World Bank, _c2009. |
||
| 300 |
_a277p.; _bill.; _c28cm.- |
||
| 440 | _aThe World Bank.- | ||
| 650 | _2Financial economics | ||
| 942 |
_2ddc _cBOOKS |
||